=LDR 00000nam 2200000 4500 =001 INLIS000000000044753 =005 20220517114058 =035 ##$$a 0010-101300000002675 =008 220517################g##########0#ind## =041 ##$$a Ind =082 ##$$a 641.87 =090 ##$$a 641.87, Sof s =100 ##$$a Sofiana, Nadya =245 1#$$a 1001 Fakta Tentang Kopi /$c Nadya Sofiana =260 ##$$a Yogyakarta :$b Cahaya Atma Pustaka,$c 2011 =300 ##$$a 122 Hlm. : $b illus ; $c 15 Cm =850 ##$$a NNT-CD =020 ##$$a 9786029319019 =084 ##$$a 641.87 SOF s =650 #4$$a filosopi =990 ##$$a 2090100600/BPAP-NTB/2015 =990 ##$$a 21105959 =990 ##$$a 21105958